Temná hra /
Detektivní román z prostředí kriminálky v anglickém Salisbury. Minulostí stíhaný inspektor Ford musí dopadnout vraha zdravotní sestry a jejího malého syna dříve, než si najde další oběti.
Uloženo v:
| Série: | Detektiv Henry Ford,
část 1 |
|---|---|
| Hlavní autor: | |
| Další autoři: | |
| Médium: | E-kniha |
| Jazyk: | Czech |
| Vydáno: |
Praha :
Kniha Zlin,
2022
|
| Vydání: | Vydání první |
| Edice: | Thrill
|
| Témata: | |
| Příbuzné jednotky: | Z cyklu::
Detektiv Henry Ford |
| Tagy: |
Žádné tagy |
| LEADER | 02593nam a2200481 i 4500 | ||
|---|---|---|---|
| 001 | 311605 | ||
| 003 | CZ PrSKC | ||
| 005 | 20260601215708.0 | ||
| 007 | ta | ||
| 008 | 220802s2022 xr g 000 f cze | ||
| 015 | |a cnb003436874 | ||
| 020 | |a 9788076623743 |q (vázáno) : |c Kč 499,00 | ||
| 035 | |a (OCoLC)1344360146 | ||
| 040 | |a ABG001 |b cze |e rda | ||
| 041 | 1 | |a cze |h eng | |
| 072 | 7 | |a 821.111-3 |x Anglická próza, anglicky psaná |2 Konspekt | |
| 080 | |a 821.111-31 |2 MRF | ||
| 080 | |a (0:82-312.4) |2 MRF | ||
| 100 | 1 | |a Maslen, Andy |7 xx0275289 |4 aut | |
| 240 | 1 | 0 | |a Shallow ground. |l Česky |
| 245 | 1 | 0 | |a Temná hra / |c Andy Maslen ; přeložila Adéla Špínová |
| 250 | |a Vydání první | ||
| 264 | 1 | |a Praha : |b Kniha Zlin, |c 2022 | |
| 300 | |a 348 stran ; |c 21 cm | ||
| 336 | |a text |b txt |2 rdacontent | ||
| 337 | |a bez média |b n |2 rdamedia | ||
| 338 | |a svazek |b nc |2 rdacarrier | ||
| 490 | 1 | |a Thrill ; |v svazek 47 | |
| 500 | |a Přeloženo z angličtiny | ||
| 520 | 2 | |a Detektivní román z prostředí kriminálky v anglickém Salisbury. Minulostí stíhaný inspektor Ford musí dopadnout vraha zdravotní sestry a jejího malého syna dříve, než si najde další oběti. |b Čerstvě povýšený inspektor Henry Ford je povolán k vyšetřování dvojité vraždy. I přes nedostatek indicií tuší, že za vším stojí sériový vrah. Ford totiž z vlastní zkušenosti dobře ví, jak po sobě zločinci zahlazují stopy. Před lety přišel o manželku při horolezecké nehodě, kterou sám způsobil. Ponurou pravdu se snaží utajit před svým synem i novou partnerkou, s níž spolupracuje na případu. Dokáže celou situaci ustát dost dlouho na to, aby zabijáka zastavil? Nakladatelská anotace. | |
| 655 | 7 | |a anglické romány |7 fd131814 |2 czenas | |
| 655 | 7 | |a detektivní romány |7 fd132010 |2 czenas | |
| 655 | 9 | |a English fiction |2 eczenas | |
| 655 | 9 | |a detective novels |2 eczenas | |
| 700 | 1 | |a Špínová, Adéla, |d 1990- |7 xx0097944 |4 trl | |
| 787 | 0 | 8 | |i Z cyklu: |t Detektiv Henry Ford |g 1 |
| 830 | 0 | |a Thrill | |
| 900 | |a ABA001 |b 21 | ||
| 928 | 9 | |a Albatros Media - Kniha Zlin | |
| 044 | |a xr | ||
| 910 | |a RBIT002 | ||
| 998 | |d 356713 |a https://core.palmknihy.cz/api/books/356713/cover?si6024 |b https://core.palmknihy.cz/api/books/356713/cover/400?si6024 |c https://core.palmknihy.cz/api/books/356713/cover/50?si6024 |e 2028-03-08 |g 352 |i 9788076623743 |j https://core.palmknihy.cz/api/books/356713/preview.epub |k https://core.palmknihy.cz/api/books/356713/preview.pdf |l |q 49 |r 1 |s https://www.palmknihy.cz/kniha/356713 |t ebook |y 2022 |z 0 |v Detektiv Henry Ford |w 1 | ||
| 999 | |d 311603 | ||